[Event "DIJA DIGA"]
[Site "SchemingMind.com"]
[Date "2022.04.04"]
[Round "-"]
[White "Derek Price"]
[Black "David Perna-Fraser"]
[Result "1/2-1/2"]
[WhiteCountry "ENG"]
[BlackCountry "CAN"]
[WhiteElo "2375"]
[WhiteRD "69"]
[BlackElo "2124"]
[BlackRD "87"]
[GameID "722201"]

1. c4 e6 2. g3 d5 3. Bg2 Nf6 4. Nf3 c5 5. cxd5 exd5 6. d4 Nc6 7. O-O Be7 8. Nc3 O-O 9. Bg5 c4 10. Ne5 Be6
11. Nxc6 bxc6 12. b3 cxb3 13. axb3 Bb4 14. Na4 Re8 15. Qc2 h6 16. Bd2 Bxd2 17. Qxd2 Ne4 18. Qd3 Rb8 19. Rfc1 Qf6 20. f3 Ng5
21. Rxc6 Rxb3 22. Qd2 Qe7 23. Rc5 Bh3 24. Nc3 Bxg2 25. Kxg2 Ne6 26. Rxd5 Qb4 27. Ne4 Qxd2 28. Nxd2 Rb2 29. Rd1 Nf4+ 30. gxf4 Rxe2+
31. Kg3 Rbxd2 32. Rxd2 Rxd2 33. f5 f6 34. h3 Rd3 35. Kf4 h5 36. Rd8+ Kf7 37. Ke4 Ra3 38. Rd7+ Kf8 39. h4 a5 40. Rd8+ Kf7
41. Ra8 a4 42. Ra7+ Kf8 43. Ra8+ Kf7=
1/2-1/2

[Event "DIJA DIGA"]
[Site "SchemingMind.com"]
[Date "2022.04.05"]
[Round "-"]
[White "David Perna-Fraser"]
[Black "Derek Price"]
[Result "0-1"]
[WhiteCountry "CAN"]
[BlackCountry "ENG"]
[WhiteElo "2178"]
[WhiteRD "86"]
[BlackElo "2383"]
[BlackRD "72"]
[GameID "722202"]

1. e4 c5 2. Nf3 d6 3. d4 cxd4 4. Nxd4 Nf6 5. Nc3 a6 6. f3 e5 7. Nb3 Be6 8. Be3 h5 9. Qd2 Nbd7 10. O-O-O Be7
11. Kb1 Rc8 12. Nd5 Nxd5 13. exd5 Bf5 14. Rc1 O-O 15. Rg1 Nf6 16. h3 h4 17. g4 hxg3 18. Rxg3 g6 19. Bd3 Qd7 20. Rg5 Bxd3
21. Qxd3 Nh5 22. Rxh5 gxh5 23. Bh6 Kh8 24. Bxf8 Bxf8 25. f4 Bh6 26. Rf1 Bxf4 27. Nd4 Rg8 28. Qf5 Qxf5 29. Nxf5 e4 30. c4 Bh2
31. Kc2 Rg2+ 32. Kc1 Be5 33. b3 Rxa2 34. c5 Ra1+
0-1

[Event "DIJA DIGA"]
[Site "SchemingMind.com"]
[Date "2022.04.03"]
[Round "-"]
[White "Derek Price"]
[Black "JAHI"]
[Result "1-0"]
[WhiteCountry "ENG"]
[BlackCountry "INT"]
[WhiteElo "2340"]
[WhiteRD "70"]
[BlackElo "2145"]
[BlackRD "68"]
[GameID "722203"]

1. c4 b6 2. d4 Bb7 3. Nc3 e6 4. a3 g6 5. e4 Bg7 6. Nf3 Kf8 7. Be2 d6 8. O-O Nd7 9. Qc2 Ne7 10. Be3 Kg8
11. b4 Qf8 12. Rac1 a6 13. Rfd1 Re8 14. d5 h6 15. dxe6 fxe6 16. c5 d5 17. Nd4 Bxd4 18. Bxd4 e5 19. c6 Nxc6 20. exd5 Ne7
21. Be3 Rh7 22. Qb3 Kh8 23. Ne4 Nf5 24. Rxc7 Nf6 25. Rxh7+ Kxh7 26. Nxf6+ Qxf6 27. d6 b5 28. Bb6 Nd4 29. Bxd4 exd4 30. Bf3 Bc8
31. Qd5 Qe6 32. Kf1 Qxd5 33. Bxd5 Rd8 34. Rxd4 Kg7 35. Bc6 Bd7 36. Bxd7 Rxd7 37. Ke2 Kf6 38. Ke3 Ke6 39. Ke4 g5 40. g3 g4
41. Kf4 h5 42. Kg5 Rg7+ 43. Kxh5 Rd7 44. Kxg4 Rg7+ 45. Kf4 Rf7+ 46. Ke3 Kd7 47. h4 Rh7 48. Rd5 Rg7 49. h5 Rg8 50. Ke4 Rf8
51. f4 Re8+ 52. Re5 Rg8 53. Rg5 Rh8 54. Kd5 Kc8 55. Kc6 a5 56. Rxb5 Rh6 57. Rxa5 Kb8 58. Re5 Rf6 59. f5 Rh6 60. g4 Ka7
61. Kc7 Rh7+ 62. d7 Rxd7+ 63. Kxd7 Kb6 64. a4 Kb7 65. Rb5+ Ka6 66. Kc7 Ka7 67. Ra5#
1-0

[Event "DIJA DIGA"]
[Site "SchemingMind.com"]
[Date "2022.04.03"]
[Round "-"]
[White "JAHI"]
[Black "Derek Price"]
[Result "0-1"]
[WhiteCountry "INT"]
[BlackCountry "ENG"]
[WhiteElo "2145"]
[WhiteRD "68"]
[BlackElo "2340"]
[BlackRD "70"]
[GameID "722204"]

1. e3 Nf6 2. g3 e6 3. Bg2 d5 4. b3 c5 5. Bb2 Nc6 6. Kf1 Bd6 7. d3 O-O 8. Nd2 Qe7 9. Ne2 b6 10. Kg1 Bb7
11. Qf1 Rad8 12. Re1 Bc7 13. a3 b5 14. h3 Rfe8 15. Rh2 a6 16. Kh1 e5 17. f3 Ba5 18. Bc3= Bxc3 19. Nxc3 c4 20. dxc4 dxc4
21. Ncb1 cxb3 22. cxb3 b4 23. Nc4 bxa3 24. Nbxa3 Nh5 25. Qf2 Nb4 26. Bf1 e4 27. g4 Nf6 28. f4 Nd3 29. Qh4 Nxe1 30. Qxe1 h6
31. Kg1 Nd7 32. b4 Bd5 33. h4 Rb8 34. Nc2 Rec8 35. Na5 Nf6 36. g5 Ng4 37. Rg2 h5 38. Bxa6 Rc7 39. Rd2 Qe6 40. Bf1 Rbc8
41. Nd4 Qb6 42. Nf5 g6 43. Rxd5 gxf5 44. Rc5 Rxc5 45. bxc5 Rxc5 46. Nc4 Qb3 47. Ne5 Qxe3+ 48. Qxe3 Nxe3 49. Kf2 Nxf1 50. Kxf1 Rc2
51. Kg1 Kg7 52. Nd7 e3 53. Kf1 Rf2+ 54. Ke1 Rxf4 55. Ke2 Rxh4 56. Kxe3 Re4+ 57. Kf3 Kg6 58. Nf8+ Kxg5 59. Nh7+ Kh6 60. Nf6 Ra4
61. Nd7 h4 62. Kg2 Ra3 63. Ne5 h3+ 64. Kh2 f6 65. Nc4 Rd3 66. Nb2 Rd2+ 67. Kxh3 Rxb2 68. Kg3 Rb4 69. Kf3 Re4 70. Kf2 Kg5
71. Kg3 Rf4 72. Kh3 Rg4 73. Kh2 Kf4 74. Kh3 Kf3 75. Kh2 Ke2 76. Kh3 Kf2 77. Kh2 Rh4#
0-1

[Event "DIJA DIGA"]
[Site "SchemingMind.com"]
[Date "2022.04.05"]
[Round "-"]
[White "Derek Price"]
[Black "Daniel Dubé"]
[Result "1-0"]
[WhiteCountry "ENG"]
[BlackCountry "CAN"]
[WhiteElo "2334"]
[WhiteRD "74"]
[BlackElo "1637"]
[BlackRD "54"]
[GameID "722205"]

1. c4 e5 2. g3 Nc6 3. Bg2 f5 4. Nc3 Nf6 5. e3 d6 6. Nge2 Be7 7. O-O O-O 8. d4 e4 9. f3 exf3 10. Bxf3 g6
11. b3 a5 12. Bb2 Nb4 13. a3 Na6 14. Nf4 c6 15. d5 Nc5 16. dxc6 g5 17. cxb7 Bxb7 18. Bxb7 gxf4 19. Bxa8 Qxa8 20. Rxf4 Nce4
21. Rxf5 Qc6 22. Nd5 Nxd5 23. Qg4+
1-0

[Event "DIJA DIGA"]
[Site "SchemingMind.com"]
[Date "2022.04.05"]
[Round "-"]
[White "Daniel Dubé"]
[Black "Derek Price"]
[Result "0-1"]
[WhiteCountry "CAN"]
[BlackCountry "ENG"]
[WhiteElo "1492"]
[WhiteRD "60"]
[BlackElo "2340"]
[BlackRD "70"]
[GameID "722206"]

1. d4 d5 2. c4 c6 3. Nf3 Nf6 4. g3 e6 5. Bg2 Nbd7 6. O-O Bd6 7. Qc2 O-O 8. b3 e5 9. dxe5 Nxe5 10. Bb2 Nxf3+
11. Bxf3 dxc4 12. bxc4 Qe7 13. Nc3 Re8 14. Rad1 Bh3 15. Rfe1 Rad8 16. e3 Be5 17. Rxd8 Rxd8 18. Rd1 Rxd1+ 19. Qxd1 h6 20. Bg2 Bxg2
21. Kxg2 b6 22. f4 Bxc3 23. Bxc3 Qxe3 24. Bxf6 gxf6
0-1

[Event "DIJA DIGA"]
[Site "SchemingMind.com"]
[Date "2022.04.03"]
[Round "-"]
[White "Derek Price"]
[Black "Vanycuba"]
[Result "0-1"]
[WhiteCountry "ENG"]
[BlackCountry "CUB"]
[WhiteElo "2362"]
[WhiteRD "68"]
[BlackElo "2482"]
[BlackRD "80"]
[GameID "722207"]

1. c4 Nf6 2. g3 g6 3. Bg2 Bg7 4. Nc3 O-O 5. d4 d6 6. Nf3 Nc6 7. O-O e5 8. dxe5 dxe5 9. Qxd8 Rxd8 10. Bg5 Be6
11. b3 h6 12. Bxf6 Bxf6 13. Rac1 Rab8 14. Rfd1 Nb4 15. a3 Rxd1+ 16. Rxd1 Nc2 17. Ne4 Kg7 18. Nxf6 Kxf6 19. e3 a5 20. Nd2 Nxa3
21. Ra1 Nc2 22. Rxa5 Rd8 23. Ne4+ Ke7 24. Nc3 Rd3 25. Nd5+ Kd6 26. h4 c6 27. c5+ Kd7 28. Nf6+ Ke7 29. Ng8+ Kf8 30. Nf6 Rd1+
31. Kh2 Ra1 32. b4 Ra2 33. Rxa2 Bxa2 34. b5 cxb5 35. Bxb7 Be6 36. Be4 Nb4 37. f4 Na6 38. c6 exf4 39. exf4 Nc7 40. g4 Kg7
41. g5 b4 42. Bb1 b3 43. Ne4 Bf5 44. Nd2 Bxb1 45. gxh6+ Kxh6 46. Nxb1 Kh5 47. Kg3 Ne6 48. Nc3 b2 49. Nb1 Kh6 50. Nd2= Kh5
51. Nb1 f6 52. Nd2 f5 53. Nb1 Nc7 54. Nd2 Nd5 55. Nb1 Kh6 56. Nd2 Kg7 57. Kf3 Kf6 58. Ke2 Nxf4+ 59. Kd1 Ke7 60. Kc2 Kd6
61. c7 Kxc7 62. Kxb2 Kd6 63. Kc3 Ke5 64. Nc4+ Ke4 65. Nd6+ Kd5 66. Nf7 Ng2 67. h5 gxh5 68. Kd3 f4 69. Ke2 Ke6 70. Ng5+ Kf5
71. Nf3 h4 72. Kf2 h3 73. Nd2 Ne1 74. Nf1 Nd3+ 75. Kg1 f3 76. Kh2 Kf4 77. Kxh3 Ne1 78. Kh4 f2 79. Kh3 Kf3 80. Kh2 Nd3
81. Kh3 Ke2 82. Nh2 Ne1 83. Kg3 Nf3 84. Nxf3 f1=Q
0-1

[Event "DIJA DIGA"]
[Site "SchemingMind.com"]
[Date "2022.04.03"]
[Round "-"]
[White "Vanycuba"]
[Black "Derek Price"]
[Result "1-0"]
[WhiteCountry "CUB"]
[BlackCountry "ENG"]
[WhiteElo "2272"]
[WhiteRD "102"]
[BlackElo "2377"]
[BlackRD "72"]
[GameID "722208"]

1. e4 c5 2. Nc3 Nc6 3. Nge2 g6 4. d4 cxd4 5. Nxd4 Bg7 6. Be3 Nf6 7. Bc4 O-O 8. Bb3 a6 9. f3 b5 10. Nxc6 dxc6
11. e5 Nd7 12. e6 fxe6 13. Bxe6+ Kh8 14. Bxd7 Bxd7 15. O-O Bf5 16. Qe2 Qa5 17. a3 Bxc3 18. bxc3 Qxc3 19. Bd2 Qd4+ 20. Kh1 Kg8
21. Qe1 Qd6 22. Rf2 Rae8 23. Bb4 c5 24. Rd1 Qc6 25. Bc3 Rd8 26. Rc1 Rf7 27. Qe5 Qf6 28. Qxc5 Qd6 29. Qe3 Qxa3 30. Qe1 Qc5
31. Re2 Rd7 32. Ba1 Qc6 33. Re3 h5 34. h3 Qc5 35. Bb2 b4 36. c4 Qd6 37. Re2 a5 38. c5 Qc6 39. Qg3 Qc7 40. Qg5 a4
41. Re6 Kh7 42. c6 Rd6 43. Rxd6 Qxd6 44. c7 Bc8 45. Qb5 Rf8 46. Qxa4 Bxh3 47. Qc2 Bc8 48. Rd1 Qf4 49. Qe2 Qf7 50. Rd8 Rg8
51. Qe3 Qe6 52. Qg5 b3 53. Kh2 Qf7 54. Bc3 Be6 55. Bd2 Qg7 56. Qe3 Bc8 57. Qxb3 Qe5+ 58. Kg1 Be6 59. Qb8 Qc5+ 60. Kh2 Qc4
61. Bg5 Bf5 62. Qb6 Bc8 63. Qa5 Qe6 64. Qc5 Rg7 65. Bc1 Qe1 66. Qg5
1-0

[Event "DIJA DIGA"]
[Site "SchemingMind.com"]
[Date "2022.04.04"]
[Round "-"]
[White "Don71"]
[Black "Goz"]
[Result "1-0"]
[WhiteCountry "NIR"]
[BlackCountry "ENG"]
[WhiteElo "2361"]
[WhiteRD "110"]
[BlackElo "1435"]
[BlackRD "82"]
[GameID "722209"]

1. e4 e5 2. Nf3 d6 3. d4 exd4 4. Nxd4 c5 5. Bb5+ Bd7 6. Bxd7+ Qxd7 7. Nf3 h6 8. O-O Nc6 9. b3 O-O-O 10. Bb2 f6
11. Nc3 Nge7 12. Qe2 a6 13. Rfe1 Ng6 14. Nd2 Nf4 15. Qf3 g5 16. Nc4 Qc7 17. Nd5 Qf7 18. Bxf6 Ne5 19. Nxe5 dxe5 20. Bxh8 Bg7
21. Bxg7 Qxg7 22. Rad1 Kb8 23. Nxf4 Rxd1 24. Qxd1 gxf4 25. Qd8+ Ka7 26. Rd1 f3 27. g3 h5 28. Rd6
1-0

[Event "DIJA DIGA"]
[Site "SchemingMind.com"]
[Date "2022.04.04"]
[Round "-"]
[White "Goz"]
[Black "Don71"]
[Result "0-1"]
[WhiteCountry "ENG"]
[BlackCountry "NIR"]
[WhiteElo "1392"]
[WhiteRD "79"]
[BlackElo "2352"]
[BlackRD "108"]
[GameID "722210"]

1. d4 Nf6 2. c4 e6 3. c5 b6 4. b4 a5 5. Bd2 axb4 6. Bxb4 Nc6 7. Qb3 Nxd4 8. Qc4 bxc5 9. Bxc5 Bxc5 10. a3 Ne4
11. e3 Bb4+ 12. Qxb4 Nc2+ 13. Kd1 Nxb4 14. Nh3 Qf6 15. Bc4 Qxa1 16. Ke2 Qb2+ 17. Kf3 Bb7 18. Kf4 Qf6+
0-1

[Event "DIJA DIGA"]
[Site "SchemingMind.com"]
[Date "2022.04.04"]
[Round "-"]
[White "Don71"]
[Black "JimM"]
[Result "1-0"]
[WhiteCountry "NIR"]
[BlackCountry "USA"]
[WhiteElo "2406"]
[WhiteRD "106"]
[BlackElo "1713"]
[BlackRD "96"]
[GameID "722211"]

1. e4 c5 2. Nf3 d6 3. Nc3 Nc6 4. d4 e5 5. dxe5 dxe5 6. Qxd8+ Kxd8 7. Be3 Be6 8. O-O-O+ Ke8 9. Bb5 Be7 10. Nxe5 Rc8
11. Nd5 Nf6 12. Nxe7 Kxe7 13. Bxc5+ Ke8 14. Rd4 a6 15. Bxc6+ bxc6 16. Rhd1 h5 17. f4 Ng4 18. Nxc6 Ne3 19. Rd8+
1-0

[Event "DIJA DIGA"]
[Site "SchemingMind.com"]
[Date "2022.04.05"]
[Round "-"]
[White "JimM"]
[Black "Don71"]
[Result "0-1"]
[WhiteCountry "USA"]
[BlackCountry "NIR"]
[WhiteElo "1681"]
[WhiteRD "95"]
[BlackElo "2407"]
[BlackRD "110"]
[GameID "722212"]

1. e4 c5 2. Nf3 Nc6 3. c3 d5 4. e5 Bg4 5. Bb5 Qb6 6. a4 e6 7. Be2 Bxf3 8. Bxf3 Nxe5 9. Be2 c4 10. d3 Nxd3+
11. Bxd3 cxd3 12. Qxd3 Bd6 13. Nd2 Nf6 14. Nf3 O-O 15. O-O Qc7 16. h3 e5 17. Qc2 h6 18. Be3 d4 19. Bd2 d3 20. Qd1 Rfe8
21. Re1 e4 22. Nd4 Bh2+ 23. Kh1 Be5 24. Nb5 Qe7 25. f3 Bg3 26. Re3 a6 27. Nd4 Bf2
0-1

[Event "DIJA DIGA"]
[Site "SchemingMind.com"]
[Date "2022.04.04"]
[Round "-"]
[White "Don71"]
[Black "JAHI"]
[Result "0-1"]
[WhiteCountry "NIR"]
[BlackCountry "INT"]
[WhiteElo "2324"]
[WhiteRD "111"]
[BlackElo "2167"]
[BlackRD "66"]
[GameID "722215"]

1. e4 b6 2. d4 Bb7 3. Nc3 e6 4. Bd3 Bb4 5. Ne2 Kf8 6. O-O Bxc3 7. Nxc3 d6 8. Be3 Nd7 9. Qf3 Ne7 10. Qg3 h6
11. Rad1 Kg8 12. Rfe1 a6 13. a3 Qf8 14. b3 Re8 15. b4 g6 16. b5 a5 17. Bc4 Qg7 18. Qh3 Nf8 19. Bb3 g5 20. Bc1 g4
21. Qg3 h5 22. h4 Rh7 23. Na4 f6 24. c4 f5 25. e5 dxe5 26. dxe5 Neg6 27. c5 bxc5 28. Nxc5 Bxg2 29. Qxg2 Nxh4 30. Qc6 Nf3+
31. Kf1 Qg6 32. Re2 h4 33. Kg2 a4 34. Bxa4 Qh5 35. Rd3 Rg7 36. Kh1 Nd4 37. Rxd4 g3 38. f3 h3 39. Re1 g2+ 40. Kh2 Qg6
41. Rg4 fxg4 42. f4 Rd8 43. Ne4 g3+ 44. Kg1 Kh8 45. Bc2 Qh6 46. Ng5 Qh5 47. Nxh3 Qxh3 48. Qxg2 Qg4 49. Qe2 Qh4 50. Qg2 Ng6
51. a4 Qh6 52. f5 Nf4 53. f6 Rg4 54. Rd1 Rdg8 55. Be3 Rh4 56. f7 Rf8 57. Qf3 Qg5 58. Rd2 Rxf7
0-1

[Event "DIJA DIGA"]
[Site "SchemingMind.com"]
[Date "2022.04.05"]
[Round "-"]
[White "Don71"]
[Black "Daniel Dubé"]
[Result "1-0"]
[WhiteCountry "NIR"]
[BlackCountry "CAN"]
[WhiteElo "2361"]
[WhiteRD "110"]
[BlackElo "1492"]
[BlackRD "60"]
[GameID "722217"]

1. e4 e6 2. d4 d5 3. Nc3 Nf6 4. Bg5 Bb4 5. e5 h6 6. Bd2 Bxc3 7. Bxc3 Ne4 8. Bd2 c5 9. dxc5 b6 10. Be3 Nxc5
11. Qg4 g6 12. Nf3 Ba6 13. Bxa6 Ncxa6 14. O-O Qd7 15. c4 dxc4 16. Rfd1
1-0

[Event "DIJA DIGA"]
[Site "SchemingMind.com"]
[Date "2022.04.05"]
[Round "-"]
[White "Daniel Dubé"]
[Black "Don71"]
[Result "0-1"]
[WhiteCountry "CAN"]
[BlackCountry "NIR"]
[WhiteElo "1637"]
[WhiteRD "54"]
[BlackElo "2350"]
[BlackRD "104"]
[GameID "722218"]

1. d4 Nf6 2. c4 e6 3. g3 c5 4. d5 d6 5. Nc3 Be7 6. Bg2 O-O 7. e4 exd5 8. cxd5 Qa5 9. Ne2 Nbd7 10. O-O b5
11. h3 b4 12. Qa4 Qa6 13. Qxa6 Bxa6
0-1

[Event "DIJA DIGA"]
[Site "SchemingMind.com"]
[Date "2022.04.04"]
[Round "-"]
[White "Goz"]
[Black "JimM"]
[Result "1/2-1/2"]
[WhiteCountry "ENG"]
[BlackCountry "USA"]
[WhiteElo "1468"]
[WhiteRD "85"]
[BlackElo "1713"]
[BlackRD "96"]
[GameID "722221"]

1. d4 g6 2. e4 d5 3. e5 e6 4. c3 c5 5. Nf3 cxd4 6. cxd4 Nh6 7. Ng5 Nf5 8. Bb5+ Nc6 9. Bxc6+ bxc6 10. O-O c5
11. dxc5 Bxc5 12. Nf3 O-O 13. a4 a5 14. Nc3 Ba6 15. Re1 Qb6 16. Qd2 Bb4 17. Qg5 Bc5 18. Be3 d4 19. Nxd4 Nxe3 20. fxe3 Bxd4
21. exd4 Qxd4+ 22. Kh1 Bb7 23. Rad1 Qb4 24. Rd2 Rac8 25. Red1 Rc4 26. Rd8 Rxd8 27. Rxd8+ Kg7 28. Qf6+ Kh6 29. Rd3 Bxg2+ 30. Kxg2 Qxb2+
31. Kh1 Rxc3 32. Rxc3 Qxc3 33. Qh4+ Kg7 34. Qf6+ Kg8 35. Qd8+ Kg7=
1/2-1/2

[Event "DIJA DIGA"]
[Site "SchemingMind.com"]
[Date "2022.04.05"]
[Round "-"]
[White "JimM"]
[Black "Goz"]
[Result "1-0"]
[WhiteCountry "USA"]
[BlackCountry "ENG"]
[WhiteElo "1681"]
[WhiteRD "95"]
[BlackElo "1465"]
[BlackRD "86"]
[GameID "722222"]

1. e4 c5 2. Nf3 d6 3. d4 b6 4. Bc4 e6 5. Nc3 Nf6 6. e5 dxe5 7. d5 Be7 8. Nxe5 exd5 9. Nxd5 Be6 10. Nxf6+ Bxf6
11. Qxd8+ Bxd8 12. Bb5+ Bd7 13. Nxd7 Nxd7 14. O-O a6 15. Re1+ Be7 16. Bc6 Rc8 17. Bb7 Rc7 18. Bxa6 Ra7 19. Bb5 Kd8 20. Bc4 Rf8
21. b3 f6 22. Bb2 Bd6 23. Rad1 Kc7 24. a4 Ne5 25. Bb5 Raa8 26. Re2 Rad8 27. c3 g5 28. Red2 Be7 29. Bc1 Bd6 30. Ba3 Nc6
31. g3 Ne5 32. Rc2 h5 33. b4 c4 34. Bb2 Be7 35. Ra1 Nf3+ 36. Kg2 Nd2 37. Rd1 Nb3 38. Re1 Bd6 39. Bxc4 h4 40. Bxb3 Be5
41. a5 bxa5 42. bxa5 Ra8 43. Ra1 Kc6 44. Ba4+ Kb7 45. Ba3 Rf7 46. Bb4 Rc7 47. Bb3 Ka6 48. Bd5 Rd8 49. Rd1 Kb5 50. Bc4+ Rxc4
51. Rxd8 Bc7 52. Rd5+ Ka4 53. a6 Bb6 54. a7 Rc8 55. Ra2+ Kb3 56. a8=Q Rxa8 57. Rxa8 Kc4 58. Rd6
1-0

[Event "DIJA DIGA"]
[Site "SchemingMind.com"]
[Date "2022.04.08"]
[Round "-"]
[White "Goz"]
[Black "David Perna-Fraser"]
[Result "0-1"]
[WhiteCountry "ENG"]
[BlackCountry "CAN"]
[WhiteElo "1468"]
[WhiteRD "85"]
[BlackElo "2154"]
[BlackRD "85"]
[GameID "722223"]

1. d4 Nf6 2. c4 e6 3. Nc3 Bb4 4. Bd2 O-O 5. e3 d5 6. c5 Nc6 7. a3 Bxc3 8. Bxc3 Ne4 9. Nf3 f6 10. Bd3 Nxc3
11. bxc3 e5 12. e4 Bg4 13. O-O exd4 14. h3 Bxf3 15. Qxf3 dxe4 16. Bxe4 Ne5 17. Qf5 g6 18. Qe6+ Kg7 19. Bxb7 Re8 20. Qa6 Rb8
21. c6 dxc3 22. Rac1 Qd4 23. Rfd1 Qc5 24. Kh2 Qxf2 25. Rxc3 Qf4+ 26. Kg1 Rbd8 27. Rf1 Qd4+ 28. Kh2 Qxc3 29. Qxa7 Qc4 30. a4 Qxf1
31. a5 Qf4+
0-1

[Event "DIJA DIGA"]
[Site "SchemingMind.com"]
[Date "2022.04.08"]
[Round "-"]
[White "David Perna-Fraser"]
[Black "Goz"]
[Result "1-0"]
[WhiteCountry "CAN"]
[BlackCountry "ENG"]
[WhiteElo "2089"]
[WhiteRD "93"]
[BlackElo "1435"]
[BlackRD "82"]
[GameID "722224"]

1. e4 e5 2. Nf3 d6 3. d4 exd4 4. Nxd4 c6 5. c4 Nf6 6. Nc3 Nbd7 7. Qc2 Ne5 8. h3 Be7 9. Be2 O-O 10. O-O a6
11. Be3 c5 12. Nf5 Bxf5 13. exf5 Nfd7 14. Nd5 f6 15. f4 Nc6 16. Qe4 Kf7 17. Qe6+ Ke8 18. Bh5+ g6 19. fxg6
1-0

[Event "DIJA DIGA"]
[Site "SchemingMind.com"]
[Date "2022.04.03"]
[Round "-"]
[White "Goz"]
[Black "JAHI"]
[Result "0-1"]
[WhiteCountry "ENG"]
[BlackCountry "INT"]
[WhiteElo "1407"]
[WhiteRD "75"]
[BlackElo "2156"]
[BlackRD "66"]
[GameID "722225"]

1. d4 b6 2. e4 Bb7 3. d5 e6 4. c4 c6 5. Nc3 Bb4 6. Bd2 Bxc3 7. Bxc3 Nf6 8. Bd3 cxd5 9. cxd5 exd5 10. e5 Qe7
11. Ne2 Ne4 12. Bxe4 dxe4 13. Ng3 Kf8 14. O-O Na6 15. b4 Nc7 16. a3 Nd5 17. Bd4 Nf4 18. Nf5 Qg5 19. Ng3 Qg6 20. Re1 h6
21. Re3 Kg8 22. Rc1 h5 23. Rc7 Bc6 24. Qc1 h4 25. b5 hxg3 26. fxg3 Rxh2 27. bxc6 Rxg2+ 28. Kf1 Qh5
0-1

[Event "DIJA DIGA"]
[Site "SchemingMind.com"]
[Date "2022.04.03"]
[Round "-"]
[White "JAHI"]
[Black "Goz"]
[Result "1-0"]
[WhiteCountry "INT"]
[BlackCountry "ENG"]
[WhiteElo "2156"]
[WhiteRD "66"]
[BlackElo "1407"]
[BlackRD "75"]
[GameID "722226"]

1. e3 e5 2. g3 d5 3. Bg2 Nf6 4. Kf1 c6 5. b3 Bd6 6. Bb2 O-O 7. d3 Nbd7 8. Nd2 Nc5 9. Ne2 Bg4 10. f3 Bh5
11. Kg1 b5 12. Nf1 Re8 13. Qd2 Bg6 14. Re1 a5 15. h3 Ne6 16. Rh2 b4 17. Kh1 c5 18. e4 d4 19. f4 exf4 20. gxf4 Nxf4
21. Nxf4 Ra7 22. Ng3 Be5 23. Bf3 h6 24. Rg1 Nh7 25. h4 Nf6 26. Bc1 Qb8 27. Rhg2 Nd7 28. Nf5 Bxf5 29. exf5 Nb6 30. Rxg7+ Bxg7
31. Rxg7+ Kxg7 32. Nh5+ Kf8 33. Qxh6+ Ke7 34. Bg5+ Kd7 35. Qc6#
1-0

[Event "DIJA DIGA"]
[Site "SchemingMind.com"]
[Date "2022.04.05"]
[Round "-"]
[White "Goz"]
[Black "Daniel Dubé"]
[Result "1-0"]
[WhiteCountry "ENG"]
[BlackCountry "CAN"]
[WhiteElo "1435"]
[WhiteRD "82"]
[BlackElo "1492"]
[BlackRD "60"]
[GameID "722227"]

1. d4 e6 2. e4 d5 3. e5 Qd7 4. c3 b6 5. Bd3 Ba6 6. Nf3 Bxd3 7. Qxd3 c5 8. b3 Nc6 9. Bg5 Rc8 10. O-O cxd4
11. cxd4 Be7 12. a3 Bxg5 13. Nxg5 Nh6 14. Nxh7 Nxd4 15. Qxd4 Rxh7 16. Nd2 Nf5 17. Qf4 Ke7 18. Nf3 f6 19. g3 g5 20. Qb4+ Kf7
21. Rfd1 Rg8 22. Rac1
1-0

[Event "DIJA DIGA"]
[Site "SchemingMind.com"]
[Date "2022.04.05"]
[Round "-"]
[White "Daniel Dubé"]
[Black "Goz"]
[Result "0-1"]
[WhiteCountry "CAN"]
[BlackCountry "ENG"]
[WhiteElo "1492"]
[WhiteRD "60"]
[BlackElo "1435"]
[BlackRD "82"]
[GameID "722228"]

1. d4 d5 2. Nf3 Nc6 3. g3 e6 4. Bg2 Nf6 5. O-O Be7 6. c4 O-O 7. Qc2 Ne4 8. cxd5 exd5 9. Nc3 Nxc3 10. bxc3 Na5
11. Ne5 Bf6 12. Ba3 Re8 13. f4 Bxe5 14. fxe5 Nc4 15. Bc1 b5 16. e4 c6 17. exd5 cxd5 18. a4 Bd7 19. Bxd5 Rc8 20. axb5 Qb6
21. Bxf7+ Kh8
0-1

[Event "DIJA DIGA"]
[Site "SchemingMind.com"]
[Date "2022.04.03"]
[Round "-"]
[White "Goz"]
[Black "Vanycuba"]
[Result "0-1"]
[WhiteCountry "ENG"]
[BlackCountry "CUB"]
[WhiteElo "1407"]
[WhiteRD "75"]
[BlackElo "2232"]
[BlackRD "103"]
[GameID "722229"]

1. d4 Nf6 2. c4 e6 3. c5 b6 4. b4 a5 5. Bd2 axb4 6. Bxb4 Nc6 7. Qd2 Ne4 8. Qb2 Nxb4 9. Qxb4 bxc5 10. dxc5 Qh4
11. g3 Bxc5 12. Qxc5 Qf6 13. Qxc7 Qxf2+ 14. Kd1 Qxf1+ 15. Kc2 Ba6 16. Qf4 Rc8+ 17. Kb2 Qd1 18. Qxe4 Qc1+ 19. Kb3 Rb8+ 20. Ka4 Bb5+
21. Ka5 Qc5
0-1

[Event "DIJA DIGA"]
[Site "SchemingMind.com"]
[Date "2022.04.03"]
[Round "-"]
[White "Vanycuba"]
[Black "Goz"]
[Result "1-0"]
[WhiteCountry "CUB"]
[BlackCountry "ENG"]
[WhiteElo "2232"]
[WhiteRD "103"]
[BlackElo "1407"]
[BlackRD "75"]
[GameID "722230"]

1. e4 e5 2. Nf3 d6 3. d4 Bg4 4. dxe5 Bxf3 5. Qxf3 dxe5 6. Bc4 Nf6 7. Qb3 Bc5 8. Bxf7+ Ke7 9. Bg5 Qd6 10. Nc3 Rf8
11. Rd1 Bd4 12. Bh5 b6 13. O-O Nd7 14. Nd5+ Kd8 15. c3 Nc5 16. Qc4 Nxe4 17. cxd4 exd4 18. Rxd4 Nxg5 19. Nxf6 Qxd4 20. Qxd4+ Kc8
21. Qd7+ Kb7 22. Rc1 Rac8 23. Qc6+ Ka6 24. Be2+
1-0

[Event "DIJA DIGA"]
[Site "SchemingMind.com"]
[Date "2022.04.08"]
[Round "-"]
[White "JimM"]
[Black "David Perna-Fraser"]
[Result "0-1"]
[WhiteCountry "USA"]
[BlackCountry "CAN"]
[WhiteElo "1681"]
[WhiteRD "95"]
[BlackElo "2178"]
[BlackRD "86"]
[GameID "722231"]

1. e4 e5 2. Nf3 Nf6 3. d4 Nxe4 4. Bd3 d5 5. Nxe5 Nd7 6. Nxf7 Kxf7 7. Qh5+ Ke7 8. Qxd5 Ndf6 9. Qe5+ Kf7 10. Bxe4 Bb4+
11. c3 Re8 12. O-O Rxe5 13. dxe5 Nxe4 14. cxb4 h6 15. Re1 Ng5 16. Nc3 c6 17. Ne4 Nxe4 18. Be3 Be6 19. a3 Qd5 20. Rad1 Qxe5
0-1

[Event "DIJA DIGA"]
[Site "SchemingMind.com"]
[Date "2022.04.08"]
[Round "-"]
[White "David Perna-Fraser"]
[Black "JimM"]
[Result "1-0"]
[WhiteCountry "CAN"]
[BlackCountry "USA"]
[WhiteElo "2178"]
[WhiteRD "86"]
[BlackElo "1681"]
[BlackRD "95"]
[GameID "722232"]

1. e4 e5 2. Nf3 Nc6 3. Bb5 a6 4. Ba4 Nf6 5. O-O Nxe4 6. Re1 Nc5 7. Bxc6 dxc6 8. Nxe5 Be7 9. d4 Ne6 10. c3 O-O
11. Be3 f6 12. Nd3 Ng5 13. Nd2 Be6 14. Bxg5 Bd5 15. Bf4 b6 16. Qg4 a5 17. Bh6 Rf7 18. c4 Be6 19. Rxe6 f5 20. Qg3 Bf6
21. Rae1 Kf8 22. Re8+ Qxe8 23. Rxe8+ Rxe8 24. Be3 Rfe7 25. h4 c5 26. dxc5 Rd8 27. cxb6 cxb6 28. Bxb6
1-0

[Event "DIJA DIGA"]
[Site "SchemingMind.com"]
[Date "2022.04.04"]
[Round "-"]
[White "JimM"]
[Black "JAHI"]
[Result "0-1"]
[WhiteCountry "USA"]
[BlackCountry "INT"]
[WhiteElo "1713"]
[WhiteRD "96"]
[BlackElo "2171"]
[BlackRD "69"]
[GameID "722233"]

1. e4 b6 2. d4 Bb7 3. Bd3 g6 4. Nc3 Bg7 5. Be3 Kf8 6. h4 h6 7. h5 g5 8. f4 gxf4 9. Bxf4 Bxd4 10. Nf3 Bg7
11. Qe2 d6 12. O-O-O Nd7 13. g4 Bf6 14. g5 hxg5 15. Nxg5 e6 16. Rhg1 Ne5 17. Bxe5 Bxg5+ 18. Kb1 dxe5 19. Ba6 Qe7 20. Bxb7 Rb8
21. Bc6 Rd8 22. Qa6 Rxd1+ 23. Rxd1 Qc5 24. Qc8+ Kg7 25. Qxc7 Ne7 26. a3 Nxc6 27. Rd7 Be7 28. Rd3 Rxh5 29. Rg3+ Kh6 30. Qd7 Rh1+
31. Ka2 Qc4+
0-1

[Event "DIJA DIGA"]
[Site "SchemingMind.com"]
[Date "2022.04.04"]
[Round "-"]
[White "JAHI"]
[Black "JimM"]
[Result "1-0"]
[WhiteCountry "INT"]
[BlackCountry "USA"]
[WhiteElo "2171"]
[WhiteRD "69"]
[BlackElo "1713"]
[BlackRD "96"]
[GameID "722234"]

1. e3 e5 2. g3 d5 3. Bg2 Nf6 4. Kf1 Be7 5. b3 Bg4 6. f3 Be6 7. Bb2 c5 8. Bxe5 Qb6 9. Bb2 Nbd7 10. Nc3 d4
11. Nce2 dxe3 12. dxe3 Rd8 13. Nf4 O-O 14. Nge2 c4 15. Qc1 Nd5 16. Kf2 Bb4 17. Nxd5 Bxd5 18. Rd1 Nf6 19. a3 Bc5 20. b4 Be7
21. Bd4 Qc6 22. e4 Be6 23. Kg1 h5 24. Qg5 Qa6 25. c3 Rfe8 26. a4 Qc6 27. Bf1 Rxd4 28. Nxd4 Qc7 29. Nxe6 fxe6 30. e5 Nd5
31. Qxh5 Nxc3 32. Qxe8+
1-0